Sheet-metal work, (Record no. 548688)

000 -LEADER
fixed length control field 00725cam a22001571 4500
082 ## - DEWEY DECIMAL CLASSIFICATION NUMBER
Classification number 671.823
Author Mark MOL
-- L-17, P-52
100 1# - MAIN ENTRY--PERSONAL NAME
Personal name Molloy, Edward.
245 00 - TITLE STATEMENT
Title Sheet-metal work,
Remainder of title including metal spinning, dealing with the methods of working sheet metal into various forms, using hand tools and simple machines.
Statement of responsibility, etc. Prepared by a staff of technical experts under the direction of E. Molloy. With ninety-five photographs and diagrams.
260 ## - PUBLICATION, DISTRIBUTION, ETC.
Place of publication, distribution, etc. Brooklyn, N.Y.,
Name of publisher, distributor, etc. Chemical publishing company, inc.,
Date of publication, distribution, etc. 1941.
300 ## - PHYSICAL DESCRIPTION
Extent 96 p.
Other physical details illus., diagrs.
Dimensions 22 cm.
490 0# - SERIES STATEMENT
Series statement The "Complete engineer" series,
526 ## - STUDY PROGRAM INFORMATION NOTE
Program name 0
Interest level 0
Reading level 0
Title point value 671_823000000000000_MOL
650 #0 - SUBJECT ADDED ENTRY--TOPICAL TERM
Topical term or geographic name entry element MCE
9 (RLIN) 379
650 #0 - SUBJECT ADDED ENTRY--TOPICAL TERM
Topical term or geographic name entry element Sheet-metal work.
9 (RLIN) 44988
942 ## - ADDED ENTRY ELEMENTS (KOHA)
Source of classification or shelving scheme
Koha item type Book
Holdings
Withdrawn status Lost status Source of classification or shelving scheme Damaged status Not for loan Permanent Location Current Location Date acquired Total Checkouts Full call number Barcode Date last seen Price effective from Koha item type
          Military College of Engineering (MCE) Military College of Engineering (MCE) 09/04/2014   671.823 MOL MCE-40185 09/04/2014 09/04/2014 Book
© 2023 Central Library, National University of Sciences and Technology. All Rights Reserved.